书目信息 |
| 题名: |
把整个心灵献给孩子
|
|
| 作者: | 苏霍姆林斯基 著 ;唐其慈 译 | |
| 分册: | ||
| 出版信息: | 天津 天津人民出版社 1981 |
|
| 页数: | 352页 | |
| 开本: | 19cm | |
| 丛书名: | ||
| 单 册: | ||
| 中图分类: | G62 , G40 | |
| 科图分类: | ||
| 主题词: | 基础教育 | |
| 电子资源: | ||
| ISBN: | ||
| 000 | 00753nam0 2200253 45 | |
| 001 | 0181007142 | |
| 005 | 20060722145855.96 | |
| 010 | @dCNY0.96 | |
| 091 | @a7072.1224 | |
| 100 | @a19950621d1981 em y0chiy0121 ea | |
| 101 | 1 | @achi@crus |
| 102 | @aCN@b120000 | |
| 105 | @ay z 000yy | |
| 200 | 10 | @a把整个心灵献给孩子@Aba zheng ge xin ling xian gei hai zi@f(苏)В·А·苏霍姆林斯基著@F(su)В·А·su huo mu lin si ji zhu@g唐其慈等译 |
| 210 | @a天津@c天津人民出版社@d1981 | |
| 215 | @a352页@d19cm | |
| 606 | @a基础教育 | |
| 690 | @aG62@v3 | |
| 690 | @aG40 | |
| 701 | 1 | @a苏霍姆林斯基@Asu huo mu lin si ji@bВ.А.@4著 |
| 702 | 0 | @a唐其慈@Atang qi ci@4译 |
| 801 | 2 | @aCN@bNLC@c20060722 |
| 801 | 0 | @aCN@b上海图书馆@c20040429 |
| 905 | @dG40@e98 | |
| 把整个心灵献给孩子/(苏)В·А·苏霍姆林斯基著/唐其慈等译.-天津:天津人民出版社,1981 |
| 352页;19cm |
| ISBN :CNY0.96 |
| ● |
| 相关链接 |
|
|
|
|
正题名:把整个心灵献给孩子
索取号:G40/98
 
预约/预借
| 序号 | 登录号 | 条形码 | 馆藏地/架位号 | 状态 | 备注 |
| 1 | 0427484 | 204274846 | 密集书库/ [索取号:G40/98] | 在馆 |